POLICE DIARIES (Record no. 10328)

MARC details
000 -LEADER
fixed length control field 00303nam a22001457a 4500
003 - CONTROL NUMBER IDENTIFIER
control field SGT
082 ## - DEWEY DECIMAL CLASSIFICATION NUMBER
Classification number 363.209 54,VEN
100 ## - MAIN ENTRY--PERSONAL NAME
Personal name VENKATESJS,P.
245 ## - TITLE STATEMENT
Title POLICE DIARIES
250 ## - EDITION STATEMENT
Edition statement 4TH
260 ## - PUBLICATION, DISTRIBUTION, ETC. (IMPRINT)
Place of publication, distribution, etc ALLAHABAD
Name of publisher, distributor, etc PREMIER
Year of Publication 2015
300 ## - PAGE DESCRIPTION
No. of Pages 1811
650 ## - SUBJECT ADDED ENTRY--TOPICAL TERM
Topical term or geographic name as entry element POLICE DIARIES
942 ## - ADDED ENTRY ELEMENTS (KOHA)
Source of classification or shelving scheme Dewey Decimal Classification
Koha item type Books
942 ## - ADDED ENTRY ELEMENTS (KOHA)
-- 3
Holdings
Withdrawn status Lost status Source of classification or shelving scheme Damaged status Not for loan Collection code Home library Current library Shelving location Date acquired Vendor Name Cost, normal purchase price SGTU Bill Number Total Checkouts Full call number Accession No. (Barcode) Date last seen Date last borrowed Bill Date Koha item type
    Dewey Decimal Classification     LAW SGT Science & Social Sciences Library SGT Science & Social Sciences Library Text Book 29/12/2016 TECHNICAL BUREAU INDIA PVT LTD 1675.00 SGTU 2002 3 363.209 54,VEN FL1132 20/05/2024 13/05/2024 15/09/2015 Books
    Dewey Decimal Classification   Not For Loan LAW SGT Science & Social Sciences Library SGT Science & Social Sciences Library Reference Book 29/12/2016 TECHNICAL BUREAU INDIA PVT LTD 1675.00 SGTU 2002   363.209 54,VEN FL1133 29/12/2016   15/09/2015 Books